Shooting (Record no. 6396)
[ view plain ]
| 000 -CABECERA | |
|---|---|
| campo de control de longitud fija | 00977nam a2200265 a 4500 |
| 001 - NÚMERO DE CONTROL | |
| campo de control | BRCA_6713 |
| 005 - FECHA Y HORA DE LA ÚLTIMA TRANSACCIÓN | |
| campo de control | 20190320205549.0 |
| 008 - DATOS DE LONGITUD FIJA--INFORMACIÓN GENERAL | |
| campo de control de longitud fija | 190412s1892----enka######---#000-0#eng-# |
| 041 ## - CÓDIGO DE LENGUA | |
| Código de lengua del texto/banda sonora o título independiente | eng |
| 044 ## - CÓDIGO DEL PAÍS DE LA ENTIDAD EDITORA/PRODUCTORA | |
| Código MARC del país | enk |
| 050 #4 - SIGNATURA TOPOGRÁFICA DE LA BIBLIOTECA DEL CONGRESO | |
| Número de clasificación | SK37 |
| Número de documento/Ítem | .W35 1 |
| -- | 1892 |
| 245 10 - MENCIÓN DE TÍTULO | |
| Título | Shooting |
| Resto del título | field and covert |
| Mención de responsabilidad, etc. | by Lord Walsingham and Sir Ralph Payne-Gallwey ; with numerous illustrations by A F. Stuart-Wortley, Harper Pennington, C. Whymper, F. G. Millais and G. E. Lodge |
| 250 ## - MENCIÓN DE EDICIÓN | |
| Mención de edición | 4 |
| 260 ## - PUBLICACIÓN, DISTRIBUCIÓN, ETC. | |
| Lugar de publicación, distribución, etc. | Londres |
| Nombre del editor, distribuidor, etc. | Longmans, Green & Co. |
| Fecha de publicación, distribución, etc. | 1892 |
| 300 ## - DESCRIPCIÓN FÍSICA | |
| Extensión | xv, 357 p. |
| Otras características físicas | il. |
| Dimensiones | 20 cm. |
| 440 #0 - MENCIÓN DE SERIE/PUNTO DE ACCESO ADICIONAL--TÍTULO | |
| Título | Badminton library of sport and pastimes |
| 9 (RLIN) | 16772 |
| 500 ## - NOTA GENERAL | |
| Nota general | Incluye lista de ilustraciones e índice alfabético |
| 500 ## - NOTA GENERAL | |
| Nota general | Estado físico: la cubierta anterior se esta desprendiendo |
| 500 ## - NOTA GENERAL | |
| Nota general | Ver también: I96 v.2 |
| 500 ## - NOTA GENERAL | |
| Nota general | I94 |
| 650 14 - PUNTO DE ACCESO ADICIONAL DE MATERIA--TÉRMINO DE MATERIA | |
| Término de materia o nombre geográfico como elemento de entrada | Tiro |
| 9 (RLIN) | 16773 |
| 700 1# - PUNTO DE ACCESO ADICIONAL--NOMBRE DE PERSONA | |
| Nombre de persona | Payne-Gallwey, Sir Ralph William Frankland, bart |
| Fecha de publicación/de la obra | 1848-1916 |
| Término indicativo de función/relación | Coautor |
| 9 (RLIN) | 16774 |
| 902 ## - CATALOGADOR | |
| Iniciales | GFM |
| 942 ## - ELEMENTOS DE PUNTO DE ACCESO ADICIONAL (KOHA) | |
| Fuente del sistema de clasificación o colocación | Library of Congress Classification |
| Tipo de ítem Koha | Libros |
| Estado de retiro | Estado de pérdida | Estado dañado | No para préstamo | Localización permanente | Ubicación/localización actual | Fecha de adquisición | Número de inventario | Total de préstamos | Signatura topográfica completa | Código de barras | Fecha visto por última vez | Precio válido a partir de | Tipo de ítem Koha |
|---|---|---|---|---|---|---|---|---|---|---|---|---|---|
| El ejemplar forma parte de la colección y puede ser consultado según las políticas vigentes. | Biblioteca del Museo Franz Mayer (Rogerio Casas-Alatriste) | Biblioteca del Museo Franz Mayer (Rogerio Casas-Alatriste) | 18/10/2011 | I94 | SK37 .W35 1 1892 (I94) | 7160 | 22/03/2019 | 22/03/2019 | Libros |